<?xml version="1.0" encoding="UTF-8"?><?xml-stylesheet type="text/xsl" href="static/style.xsl"?><OAI-PMH xmlns="http://www.openarchives.org/OAI/2.0/" xmlns:xsi="http://www.w3.org/2001/XMLSchema-instance" xsi:schemaLocation="http://www.openarchives.org/OAI/2.0/ http://www.openarchives.org/OAI/2.0/OAI-PMH.xsd"><responseDate>2026-04-14T07:00:43Z</responseDate><request verb="GetRecord" identifier="oai:www.recercat.cat:10256/27489" metadataPrefix="marc">https://recercat.cat/oai/request</request><GetRecord><record><header><identifier>oai:recercat.cat:10256/27489</identifier><datestamp>2025-10-07T19:17:30Z</datestamp><setSpec>com_2072_452955</setSpec><setSpec>com_2072_2054</setSpec><setSpec>col_2072_452960</setSpec></header><metadata><record xmlns="http://www.loc.gov/MARC21/slim" xmlns:dcterms="http://purl.org/dc/terms/" xmlns:xsi="http://www.w3.org/2001/XMLSchema-instance" xmlns:doc="http://www.lyncode.com/xoai" xsi:schemaLocation="http://www.loc.gov/MARC21/slim http://www.loc.gov/standards/marcxml/schema/MARC21slim.xsd">
   <leader>00925njm 22002777a 4500</leader>
   <datafield ind2=" " ind1=" " tag="042">
      <subfield code="a">dc</subfield>
   </datafield>
   <datafield ind2=" " ind1=" " tag="720">
      <subfield code="a">Robles Sánchez, Miguel Ángel</subfield>
      <subfield code="e">author</subfield>
   </datafield>
   <datafield ind2=" " ind1=" " tag="720">
      <subfield code="a">Amil-Bujan, Paloma</subfield>
      <subfield code="e">author</subfield>
   </datafield>
   <datafield ind2=" " ind1=" " tag="720">
      <subfield code="a">Bosch Farré, Cristina</subfield>
      <subfield code="e">author</subfield>
   </datafield>
   <datafield ind2=" " ind1=" " tag="720">
      <subfield code="a">Coll-Martinez, Clàudia</subfield>
      <subfield code="e">author</subfield>
   </datafield>
   <datafield ind2=" " ind1=" " tag="720">
      <subfield code="a">Arévalo Navinés, María Jesús</subfield>
      <subfield code="e">author</subfield>
   </datafield>
   <datafield ind2=" " ind1=" " tag="720">
      <subfield code="a">Anglada, Elisenda</subfield>
      <subfield code="e">author</subfield>
   </datafield>
   <datafield ind2=" " ind1=" " tag="720">
      <subfield code="a">Menéndez, Rebeca</subfield>
      <subfield code="e">author</subfield>
   </datafield>
   <datafield ind2=" " ind1=" " tag="720">
      <subfield code="a">Montalban Gairín, Xavier</subfield>
      <subfield code="e">author</subfield>
   </datafield>
   <datafield ind2=" " ind1=" " tag="720">
      <subfield code="a">Sastre Garriga, Jaume</subfield>
      <subfield code="e">author</subfield>
   </datafield>
   <datafield ind2=" " ind1=" " tag="720">
      <subfield code="a">Ramió i Torrentà, Lluís</subfield>
      <subfield code="e">author</subfield>
   </datafield>
   <datafield ind2=" " ind1=" " tag="720">
      <subfield code="a">Bertran i Noguer, Carme</subfield>
      <subfield code="e">author</subfield>
   </datafield>
   <datafield ind2=" " ind1=" " tag="260">
      <subfield code="c">2023-05-18</subfield>
   </datafield>
   <datafield ind2=" " ind1=" " tag="520">
      <subfield code="a">Introduction: Multiple sclerosis (MS) causes a progressive disability, which substantially impacts the quality of life (QoL). Health interventions that meet the needs and demands of people with MS are essential to minimize QoL impairment. Expert patient programs (EPPs) facilitate health-related empowerment through peer learning. Based on a previous focus group study, we designed an EPP for MS coordinated by nursing professionals for implementation in the different MS reference units of Catalonia (Southwestern Europe). This study aims to evaluate the effects on quality of life, disease-related knowledge, and self-management related to the health process of the participants of the Expert Patient Program Catalonia™ for people with multiple sclerosis (EPPC-MS). Methods: Pre-post intervention multicenter clinical study involving 12 groups of 12 participants: six groups including relapsing and six groups including progressive MS patients, with 144 participants from 7 MS reference units from all over Catalonia, organized in six teams. The intervention will consist of nine telematic learning peer-led sessions (one weekly session). The expert patient (EP) leading the sessions will be an individual with MS with disease-related knowledge, who will be further trained by nurses to lead the sessions. Study variables will be measured before and immediately after the intervention and 6 and 12 months after the end of the sessions and will include: QoL, emotional impact, activation of the person, MS-related knowledge, fatigue, habits and lifestyles, health services use, and program-related experience. Baseline characteristics considered will be sociodemographic data, date of MS diagnosis and type, family history, and treatment characteristics. Variables related to disease follow-up will be new relapses and characteristics and changes in the ongoing treatment. The number of sessions attended will also be collected. Study variables will be analyzed using a pre-post comparison. Discussion: Peer-led learning programs led by EP help empower people with chronic conditions and offer them tools to improve their autonomy and QoL. This study’s intervention will be performed remotely, offering advantages both for people with chronic conditions and the healthcare system regarding the facilitation of family and work conciliation, saving time, simplifying attendance to meetings, lowering costs, and using fewer material resources</subfield>
   </datafield>
   <datafield ind2=" " ind1=" " tag="520">
      <subfield code="a">This study was promoted by the MS unit at Vall d’Hebron Hospital Campus and had no external sponsor. The PhD candidate/first author was supported through the Strategic Plan for Research and Innovation in Health 2016–2020 (PERIS) (ref. BDNS 542793) funded by the Health Department of Catalonia. This study had been partially funded by the Official College of Nurses of Barcelona (www.coib.cat) as part of the Nurse Research Projects Grants (PRN-475/2021)</subfield>
   </datafield>
   <datafield ind1="8" ind2=" " tag="024">
      <subfield code="a">http://hdl.handle.net/10256/27489</subfield>
   </datafield>
   <datafield tag="653" ind2=" " ind1=" ">
      <subfield code="a">Esclerosi múltiple</subfield>
   </datafield>
   <datafield tag="653" ind2=" " ind1=" ">
      <subfield code="a">Multiple sclerosis</subfield>
   </datafield>
   <datafield ind2="0" ind1="0" tag="245">
      <subfield code="a">An expert patient program to improve the empowerment and quality of life of people with multiple sclerosis: protocol for a multicenter pre-post intervention study</subfield>
   </datafield>
</record></metadata></record></GetRecord></OAI-PMH>